Central Library OPAC University of Rajshahi

Cultural anthropology / (Record no. 82422)

MARC details
000 -LEADER
fixed length control field 00932nam a2200301 a 4500
001 - CONTROL NUMBER
control field 82422
003 - CONTROL NUMBER IDENTIFIER
rucl marc code BD-RjUL
005 - DATE AND TIME OF LATEST TRANSACTION
control field 20231207103020.0
008 - FIXED-LENGTH DATA ELEMENTS--GENERAL INFORMATION
fixed length control field 231207s2017 maua b 001 0 eng
020 ## - INTERNATIONAL STANDARD BOOK NUMBER
International Standard Book Number 9780134419077 (alk. paper)
International Standard Book Number 0134419073 (alk. paper)
035 ## - SYSTEM CONTROL NUMBER
System control number (BD-RjUL)82422
040 ## - CATALOGING SOURCE
Original cataloging agency DLC
Language of cataloging eng
Transcribing agency DLC
Description conventions rda
Modifying agency DLC
-- BD-RjUL
041 ## - LANGUAGE CODE
Language code of text/sound track or separate title eng
082 00 - DEWEY DECIMAL CLASSIFICATION NUMBER
Edition number 23
Classification number 305.8
Author mark and year MIC 2017
100 1# - MAIN ENTRY--PERSONAL NAME
Personal name Miller, Barbara D.,
Dates associated with a name 1948-
9 (RLIN) 10389
245 10 - TITLE STATEMENT
Title Cultural anthropology /
Statement of responsibility, etc. Barbara Miller, George Washington University.
250 ## - EDITION STATEMENT
Edition statement Eighth edition.
264 #1 - PRODUCTION, PUBLICATION, DISTRIBUTION, MANUFACTURE, AND COPYRIGHT NOTICE
Place of production, publication, distribution, manufacture Boston :
Name of producer, publisher, distributor, manufacturer Pearson,
Date of production, publication, distribution, manufacture, or copyright notice 2017.
300 ## - PHYSICAL DESCRIPTION
Pagination xix, 434 pages :
Illustrations color illustrations ;
Size 27 cm
336 ## - CONTENT TYPE
Content type term text
Source rdacontent
337 ## - MEDIA TYPE
Media type term unmediated
Source rdamedia
338 ## - CARRIER TYPE
Carrier type term volume
Source rdacarrier
504 ## - BIBLIOGRAPHY, ETC. NOTE
Bibliography, etc Includes bibliographical references (pages 385-403) and index.
650 #0 - SUBJECT ADDED ENTRY--TOPICAL TERM
Topical term or geographic name as entry element Ethnology.
942 ## - ADDED ENTRY ELEMENTS (KOHA)
Source of classification or shelving scheme Dewey Decimal Classification
Koha item type Books
Holdings
Lost status Source of classification or shelving scheme Damaged status Not for loan Collection code Permanent Location Current Location Shelving location Date acquired Source of acquisition Cost, normal purchase price Full call number Date last seen Copy number Koha item type Total Checkouts
  Dewey Decimal Classification   Not For Loan Non-fiction Central Library, University of Rajshahi Central Library, University of Rajshahi Reading Room 31/10/2023 Dhaka : BM Book 6700.00 305.8 MIC 2017 07/12/2023 C-1 Books  
  Dewey Decimal Classification     Non-fiction Central Library, University of Rajshahi Central Library, University of Rajshahi General Stacks 31/10/2023 Dhaka : BM Book 6700.00 305.8 MIC 2017 07/12/2023 C-2 Books  
  Dewey Decimal Classification     Non-fiction Central Library, University of Rajshahi Central Library, University of Rajshahi General Stacks 31/10/2023 Dhaka : BM Book 6700.00 305.8 MIC 2017 07/12/2023 C-3 Books